| 000 | 01617nam a2200289 4500 | ||
|---|---|---|---|
| 003 | EC-UNACH | ||
| 005 | 20251015100950.0 | ||
| 006 | s||||gr|||| 00| 00 | ||
| 008 | 150116t9999 mx r gr 000 0 spa d | ||
| 020 | _a978-958-762-176-1 | ||
| 040 |
_aEC-UNACH _cEC-UNACH |
||
| 041 | _aspa | ||
| 082 | 0 | 4 |
_223 _a613.62 _bL011295 |
| 110 | _aFC editorial - Ediciones de la U | ||
| 245 | _aTrabajos en atmósferas explosivas | ||
| 250 | _aPrimera edición | ||
| 264 |
_aMadrid - España _bFC editorial - Ediciones de la U _c2014 |
||
| 300 |
_a244 páginas _bTabla. Imágenes |
||
| 505 | _aÍndice -- Capítulo 1. Atmósferas explosivas. Introducción -- Capítulo 2. Protección de la salud y la seguridad de los --trabajadores expuestos a los riesgos derivados de atmósferas explosivas en el lugar de trabajo -- Capítulo 3. Atmósferas potencialmente explosivas. Instalaciones eléctricas -- Capítulo 4. Prescripciones particulares para las instalaciones --eléctricas de los locales con riesgo de incendio o explosión -- Capítulo 5. Aparatos y sistemas de protección para uso en atmósferas potencialmente explosivas -- Capítulo 6. Locales con riesgo de explosión -- Capítulo 7. Fuentes de ignición -- Capítulo 8. Inspección mantenimiento y reparación en instalaciones con riesgos derivados de atmósferas explosivas -- Bibliografía. | ||
| 650 | _aPRESENCIA DE GASES | ||
| 650 | _aÁREAS DE RIESGO | ||
| 650 | _aREPARACIÓN DE INSTALACIONES | ||
| 942 |
_c1 _2ddc |
||
| 999 | _c14006 | ||